000 00971nam a22003377a 4500
001 0039903
003 KOHA_MİRAKIL
005 20260207003145.0
007 ta
008 130408b2007 tu |||gr||||#||||0|tur |
020 _a9789752956841
040 _aTR-BiSEU
_btur
_cTR-BiSEU
_erda
041 0 _atur
044 _ctu
050 _aHG6024.A3
_bC43 2007
100 1 _aChambers, Nurgül R..
245 1 _aTürev piyasalar/
_cNurgül R. Chambers ; Nurgül R. Chambers.
250 _a2.bs.
264 1 _aİstanbul :
_bBeta
_c2007
300 _axv, 245 sayfa; 23 cm.
336 _ametin
_btxt
_2rdacontent
337 _aaracısız
_bn
_2rdamedia
338 _acilt
_bnc
_2rdacarrier
490 1 _aBeta Yayın ;
_vno.1789.
490 1 _aİşletme-Ekonomi Dizisi ;
_v224.
650 0 _aFutures.
_95794
650 0 _aFutures market.
_916071
830 1 _aBeta Yayın ;
_vno.1789.
_93323
830 1 _aİşletme-Ekonomi Dizisi ;
_v224.
_92839
942 _2lcc
_cBK
999 _c39780
_d39780